The governance of the countryside (Record no. 116007)

MARC details
000 -LEADER
fixed length control field 02378cam a22002775a 4500
001 - CONTROL NUMBER
control field L159567
008 - FIXED-LENGTH DATA ELEMENTS--GENERAL INFORMATION
fixed length control field 170912s2016 xxk f 000 0 eng d
020 ## - INTERNATIONAL STANDARD BOOK NUMBER
International Standard Book Number 9780521623964
035 ## - SYSTEM CONTROL NUMBER
System control number (Sirsi) u159567
041 ## - LANGUAGE CODE
Language code of text/sound track or separate title eng
050 ## - LIBRARY OF CONGRESS CALL NUMBER
Classification number 711.554
100 ## - MAIN ENTRY--PERSONAL NAME
Personal name Hodge, Ian
245 #4 - TITLE STATEMENT
Title The governance of the countryside
Remainder of title property, planning and policy
260 ## - PUBLICATION, DISTRIBUTION, ETC.
Place of publication, distribution, etc. Cambridge
Name of publisher, distributor, etc. Cambridge University Press
Date of publication, distribution, etc. 2016
300 ## - PHYSICAL DESCRIPTION
Extent 383 pages :
Other physical details illustrations (black and white) ;
Dimensions 26 cm
350 ## - PRICE (NR) (BK AM CF MU VM SE) [OBSOLETE]
Price 64.99
505 ## - FORMATTED CONTENTS NOTE
Formatted contents note Part I. Introduction: 1. The place of the countryside -- 2. Institutions, property and governance -- 3. Institutions in the countryside -- Part II. Historical Models: 4. Co-operation for production: common fields and enclosure -- 5. Delivering diversity: the great estates and the management of the land -- Part III. Governance under Sectoral Policies: 6. Agricultural policies, farming and the environment -- 7. Land, development and planning -- 8. Protected areas: the example of National Parks -- 9. Wildlife conservation: National Nature Reserves, Sites of Special Scientific Interest and large-scale conservation areas -- 10. Public rights of way and access to the countryside -- 11. The control of agricultural pollution -- 12. The development of agri-environment policy -- Part IV. Alternative Approaches to Governance: 13. Reconstituting markets -- 14. Co-ordination, co-operation and collective action -- 15. Public land ownership -- Part V. Conclusions: 16. Conclusions: ecosystem governance and resilient countrysides -- References -- Index
520 ## - SUMMARY, ETC.
Summary, etc. Examines the origins and evolution of the institutions that determine the use and management of land and the delivery of ecosystem services, through private property rights, markets and public policies. Divided into five accessible parts, the book provides detailed coverage of the institutions, property and governance of the countryside, historical models, governance under sectoral policies and alternative approaches. It is carefully developed to meet the needs of anyone studying or interested in agricultural sciences, countryside management, rural environment and geography.
650 ## - SUBJECT ADDED ENTRY--TOPICAL TERM
Topical term or geographic name entry element RURAL DEVELOPMENT
650 ## - SUBJECT ADDED ENTRY--TOPICAL TERM
Topical term or geographic name entry element SOCIAL WELFARE
650 ## - SUBJECT ADDED ENTRY--TOPICAL TERM
Topical term or geographic name entry element RURAL POLICY
651 #4 - SUBJECT ADDED ENTRY--GEOGRAPHIC NAME
Geographic name England
690 ## - LOCAL SUBJECT ADDED ENTRY--TOPICAL TERM (OCLC, RLIN)
Topical term or geographic name as entry element Planning and development
9 (RLIN) 6259
942 ## - ADDED ENTRY ELEMENTS (KOHA)
Suppress in OPAC 0
948 ## - LOCAL PROCESSING INFORMATION (OCLC); SERIES PART DESIGNATOR (RLIN)
c (OCLC) 04/12/1997
Holdings
Withdrawn status Lost status Source of classification or shelving scheme Damaged status Not for loan Home library Current library Shelving location Date acquired Total Checkouts Full call number Barcode Date last seen Copy number Price effective from Koha item type
    Dewey Decimal Classification     London London Books 12/09/2017   711.554 HOD 30078583 02/10/2024 1 06/08/2019 Book